Strojárska výroba pokusný učebný text pre 3. ročník gymnázia

Bibliographic Details
Main Authors: Vojtěch, Jiří, 1939- (Author), Staňo, Jozef (Author)
Format: Book
Language:Slovak
PhysicalDescription:138 s. fotogr., grafy, sch., tab. 29 cm
Published: Bratislava Alfa 1981
Edition:1. vyd.
Subjects:

MARC

LEADER 00000cam a2200000 a 4500
001 vtls009757603
003 SK-MaSNL
005 20260301082519.0
008 250313s1981 xo kao d 000 0 slo
015 |a SNBA1981 
035 |a (SVKBBclas03)vtls000136401 
035 |a urn:nbn:sk:snk-amky7u 
035 |a urn:nbn:sk:snk-am008qbv 
035 |a 7F87DFB0-80E5-4B7E-B675-D9F461FDB718 
040 |a SNK  |b slo  |c SNK  |e AACR2 
041 0 |a slo 
044 |a xo  |c SK 
080 |a 621.7+621.9(075.3)  |2 1981 
080 |a 621.9(075.3)  |2 1981 
100 1 |a Vojtěch, Jiří,  |d 1939-  |4 aut  |9 42170 
245 1 0 |a Strojárska výroba  |b pokusný učebný text pre 3. ročník gymnázia  |c Jiří Vojtěch, Jozef Staňo 
250 |a 1. vyd. 
260 |a Bratislava  |b Alfa  |c 1981 
300 |a 138 s.  |b fotogr., grafy, sch., tab.  |c 29 cm 
366 |e 500 výt. 
504 |a Bibliogr. 
521 |a Účelová publikácia Výskumného ústavu pedagogického v Bratislave 
650 0 7 |a strojárska výroba  |2 SNKPH  |9 66917 
650 0 7 |a kovy  |2 SNKPH  |9 16608 
650 0 7 |a obrábanie  |2 SNKPH  |9 25661 
655 7 |a učebnice stredných škôl  |2 SNKPH  |9 69323 
700 1 |a Staňo, Jozef  |4 aut  |9 407594 
852 |a Slovenská národná knižnica 
958 |a OND 
958 |a NB 
999 |c 658686  |d 660616 
952 |a SNK  |b SNK  |y PREZ  |7 0  |p 17A0991671  |o snkSB 32086  |i snkKSP 6577/81  |0 0  |1 0  |4 0  |d 2014-11-24  |f 1  |l 0  |r 2025-04-04 00:00:00  |w 2026-02-23 
952 |a SNK  |b SNK  |y VYP  |7 0  |p 17A1315176  |o snkSB 32086 D1  |i snkKSP 6578/81  |0 0  |1 0  |4 0  |d 2014-11-24  |l 0  |r 2026-02-23 18:45:33  |w 2026-02-23